The Famous Five ( Five get into trouble) (Record no. 768)

MARC details
000 -LEADER
fixed length control field 00388nam a22001457a 4500
003 - CONTROL NUMBER IDENTIFIER
control field OSt
005 - DATE AND TIME OF LATEST TRANSACTION
control field 20160727222410.0
008 - FIXED-LENGTH DATA ELEMENTS--GENERAL INFORMATION
fixed length control field 160624b xxu||||| |||| 00| 0 eng d
040 ## - CATALOGING SOURCE
Transcribing agency Test
100 ## - MAIN ENTRY--PERSONAL NAME
9 (RLIN) 966
Personal name Blyton, G
245 ## - TITLE STATEMENT
Title The Famous Five ( Five get into trouble)
260 ## - PUBLICATION, DISTRIBUTION, ETC. (IMPRINT)
Place of publication, distribution, etc. Lon
Name of publisher, distributor, etc. Hodder & Stoughton
Date of publication, distribution, etc. 1949
300 ## - PHYSICAL DESCRIPTION
Extent The Famous Five ( Five get into trouble)
942 ## - ADDED ENTRY ELEMENTS (KOHA)
Source of classification or shelving scheme Dewey Decimal Classification
Koha item type BOOK
Holdings
Withdrawn status Lost status Source of classification or shelving scheme Damaged status Not for loan Home library Current library Shelving location Date acquired Total Checkouts Total Renewals Full call number Barcode Date last seen Date last checked out Price effective from Koha item type
    Dewey Decimal Classification     Good Samaritan School Library Good Samaritan School Library FICTION 06/24/2016 5 1 823 BLY1534 02/07/2023 02/01/2023 06/24/2016 BOOK

Powered by Koha